000 00868nab a2200253 u 4500
001 11622
003 HDC
007 cr bn ---aaaaa
008 210207b9999mmddmy |||no |||| 00| 0 eng d
040 _aHDC
100 _aIma Aimi Nadia Ibrahim
_911972
245 0 _aJICA Collaborating With Kedah In Halal Food Production /
_cIma Aimi Nadia Ibrahim
260 _aMalaysia:
_bBERNAMA,
_c[date not identified]
300 _a1 online resource
336 _atext
_2rdacontent
337 _acomputer
_2rdamedia
338 _aonline resource
_2rdacarrier
650 _aHalal food industry
_zMalaysia
_zJapan
_911973
710 _aBernama
856 _zRequest full-text at [email protected]
942 _2lcc
942 _cNEWS
942 _kNWSO 000674
999 _c8945
_d8945